Normal view
MARC view
- Supervisor : Dr. Muhammad Asim Waris
Entry Personal Name
001 - CONTROL NUMBER
- control field: 119524
003 - CONTROL NUMBER IDENTIFIER
- control field: NUST
005 - DATE AND TIME OF LATEST TRANSACTION
- control field: 20231207105031.0
008 - FIXED-LENGTH DATA ELEMENTS
- fixed length control field: 231207|| aca||aabn | a|a d
040 ## - CATALOGING SOURCE
- Original cataloging agency: NUST
- Transcribing agency: NUST
100 ## - HEADING--PERSONAL NAME
- Personal name: Supervisor : Dr. Muhammad Asim Waris
670 ## - SOURCE DATA FOUND
- Source citation: Work cat.: (NUST): Ghafoor, Muhammad Fazeel 119523, Comparative Analysis of UNET-Based and Transformer-Based Medical Image Segmentation Models on Lungs X-rays /
